Score 0/20 Timer 03:00
1 Play Today
Hint Missing 'C' Word % Correct
______ DarwinCharles
94.9%
Radius of a ______Circle
93.2%
Sine and ______Cosine
88.1%
______ DatingCarbon
87.5%
Marie and Pierre _____Curie
87.4%
____ SaganCarl
82.4%
_____________ = pi x diameterCircumference
81.9%
X or Y __________Chromosome
78.6%
___________ driftContinental
70%
Large Hadron _______Collider
68.3%
Hint Missing 'C' Word % Correct
____ MembraneCell
65.2%
_______ Processing UnitCentral
63.7%
____ rootCube
52.6%
______ raysCosmic
47.5%
Nicolas __________Copernicus
45.5%
Series and parallel ________Circuits
44.7%
_______ = Potential difference / resistanceCurrent
34.5%
__________ coordinate systemCartesian
26.2%
Carbon ______ and StorageCapture
20%
Bose-Einstein __________Condensate
18.9%

Today's Daily Dose

Missing Word
Marvin Gaye Songs

Quick Pick
Movies of 2019

Get the Picture
Chinese Cities

You're not logged in!

Compare scores with friends on all Sporcle quizzes.
OR
Log In

Sporcle TV

Today on Sporcle TV


Watch our educational content, quiz creation guides, and fun videos on Sporcle TV.

Show Comments

Extras

Top Quizzes Today


Score Distribution

Your Account Isn't Verified!

In order to create a playlist on Sporcle, you need to verify the email address you used during registration. Go to your Sporcle Settings to finish the process.

Report this User

Report this user for behavior that violates our Community Guidelines.

Details: